| 000 | 01249nam a2200277 a 4500 | ||
|---|---|---|---|
| 001 | BRCA_3067 | ||
| 005 | 20190320204108.0 | ||
| 008 | 260109s1806----fr-a---###---#000-0#fre-u | ||
| 041 | _afre | ||
| 044 | _afr | ||
| 084 |
_a372 _b.G54 _c1806 |
||
| 100 | 1 |
_aCervantes Saavedra, Miguel de _d1547-1616 _9213 |
|
| 245 | 1 | 0 |
_aDon Quichotte de la Manche _cMiguel de Cervantes Saavedra. |
| 260 |
_aParís _bGide _c1806 |
||
| 300 |
_a6 v. _bil. _c14 cm. |
||
| 500 | _aContenido : v 1. Primera parte. Advertencia del traductor. Prólogo del autor. Texto. -- v 2. Texto. -- v 3. Texto. -- v 4. Segunda parte. Prefacio del traductor. Prólogo del autor. -- v 5. Texto. -- v 6. Texto | ||
| 500 | _aEdición : Traduit de l´Espagnol de Michel de Cervantes par Florian. Ouvrege posthume. Avec figures | ||
| 500 | _aReimpresión de la edición anterior. Piel; lomos y planos decorados con dorados; cortes dorados también Lúdovik Osterc | ||
| 500 | _aEstado físico : El volúmen dos de esta edición presenta el lomo desprendido | ||
| 500 | _aQM293 | ||
| 546 | _aTexto en : francés | ||
| 700 | 1 |
_aFlorian, Jean-Pierre Claris de _d1755-1794 _eTraductor _98391 |
|
| 740 | 0 | _aEl Ingenioso Hidalgo Don Quijote de la Mancha | |
| 902 | _aQFM | ||
| 942 |
_2lcc _cB |
||
| 999 |
_c2803 _d2803 |
||